000 01479nam a2200253 i 4500
003 DO-SdBNP
005 20250611102512.0
007 ta
008 250611b2023 dr abc|| |||| 00| 0 spa d
040 _aDO-SdBNP
_bspa
_cBNPHU
_erda
041 _aspa
082 4 _axxx
_bS623i
_222
245 0 0 _aSituación de la industria de la moda en la República Dominicana :
_bhacia el crecimiento y la internacionalización
250 _aTercera edición
264 _aSanto Domingo, República Dominicana :
_bProDominicana,
_c2023.
300 _a109 páginas :
_bilustraciones, gráficos, mapas, retratos
_c23 cm.
336 _atexto
_btxt
_2rdacontent
337 _asin mediación
_bn
_2rdamedia
338 _avolumen
_bnc
_2rdacarrier
500 _aLa moda crea inspira fluye.
505 _aIntroducción -- Identificación del valor especifico correspondiente a exportaciones de moda -- Mercados potenciales de moda -- Recomendación técnica de negocios y comercio -- Dinámica de exportaciones -- Flujos globales -- Cómo empezó la industria de la moda en los distintos países considerados exitosos -- Leyes e incentivos -- Acuerdos comerciales vigentes en República Dominicana -- Las tecnologías de información: un impulso mundial de la moda -- Moda como servicio moderno -- Acuerdo ProDominicana y fedex -- Hallazgos -- Moda y economía naranja -- Anexo: Empresas dominicanas exportadoras de moda -- Partidas arancelarias seleccionadas.
910 _aLP
942 _2ddc
_cLBS1
999 _c59219
_d59219